| 000 -CABECERA |
| Longitud fija campo de control |
00704nam a2200217 a 4500 |
| 001 - NÚMERO DE CONTROL |
| Número de control |
4569 |
| 003 - IDENTIFICADOR DEL NÚMERO DE CONTROL |
| Identificador del número de control |
CDMR |
| 005 - FECHA Y HORA DE LA ÚLTIMA TRANSACCIÓN |
| Fecha y hora de la última transacción |
20131113122002.0 |
| 008 - CÓDIGOS DE INFORMACIÓN DE LONGITUD FIJA |
| Códigos de información de longitud fija |
130130s1986||||||||||||||||||||||||||||d |
| 020 ## - NÚMERO INTERNACIONAL NORMALIZADO PARA LIBROS |
| Número Internacional Normalizado para Libros (ISBN) |
8439883439 |
| 040 ## - FUENTE DE LA CATALOGACIÓN |
| Centro catalogador de origen |
CDMR |
| Lengua de catalogación |
cat |
| Centro transcriptor |
CDMR |
| 245 00 - MENCIÓN DE TÍTULO |
| Título |
Formación de técnicos e investigadores en tecnologías de la información |
| Resto del título |
: análisis de la oferta y la demanda de estos profesionales en España |
| 260 ## - PUBLICACIÓN, DISTRIBUCIÓN, ETC. (PIE DE IMPRENTA) |
| Lugar de publicación, distribución, etc. |
Madid |
| Fecha de publicación, distribución, etc. |
1986 |
| Nombre del editor, distribuidor, etc. |
Fundesco |
| 300 ## - DESCRIPCIÓN FÍSICA |
| Extensión |
153 p. |
| 490 0# - MENCIÓN DE SERIE |
| Mención de serie |
Los libros de Fundesco |
| 490 0# - MENCIÓN DE SERIE |
| Mención de serie |
Estudios y Documentos |
| 650 04 - PUNTO DE ACCESO ADICIONAL DE MATERIA - TÉRMINO DE MATERIA |
| 9 (RLIN) |
3364 |
| Término de materia o nombre geográfico como elemento inicial |
Tecnologia de la informació |
| 650 04 - PUNTO DE ACCESO ADICIONAL DE MATERIA - TÉRMINO DE MATERIA |
| 9 (RLIN) |
637 |
| Término de materia o nombre geográfico como elemento inicial |
Comunicació |
| Subdivisión de materia general |
Ensenyament |
| 650 04 - PUNTO DE ACCESO ADICIONAL DE MATERIA - TÉRMINO DE MATERIA |
| 9 (RLIN) |
3083 |
| Término de materia o nombre geográfico como elemento inicial |
Competències professionals |
| 942 ## - ENTRADA DE ELEMENTOS AGREGADOS (KOHA) |
| Koha [por defecto] tipo de item |
Monografies |
| Fuente de clasificaión o esquema |
|